A világpolitika és a válság (Fogalmak és Pozíció) Beszélgetés Pócza Kálmán filozófussal

Elmentve itt :
Bibliográfiai részletek
Szerzők: Rembeczki Eszter
Surányi Csaba
Pócza Kálmán
Dokumentumtípus: Cikk
Megjelent: Délkelet-Európa Alapítvány 2011
Sorozat:SOUTH-EAST EUROPE: INTERNATIONAL RELATIONS QUARTERLY 2 No. 4
mtmt:3086050
Online Access:http://publicatio.bibl.u-szeged.hu/10562
LEADER 00809nab a2200205 i 4500
001 publ10562
005 20190617121511.0
008 170130s2011 hu o 0|| zxx d
022 |a 2062-1973 
024 7 |a 3086050  |2 mtmt 
040 |a SZTE Publicatio Repozitórium  |b hun 
041 |a zxx 
100 1 |a Rembeczki Eszter 
245 1 2 |a A világpolitika és a válság (Fogalmak és Pozíció) Beszélgetés Pócza Kálmán filozófussal  |h [elektronikus dokumentum] /  |c  Rembeczki Eszter 
260 |a Délkelet-Európa Alapítvány  |c 2011 
300 |a 1-6 
490 0 |a SOUTH-EAST EUROPE: INTERNATIONAL RELATIONS QUARTERLY  |v 2 No. 4 
700 0 1 |a Surányi Csaba  |e aut 
700 0 1 |a Pócza Kálmán  |e aut 
856 4 0 |u http://publicatio.bibl.u-szeged.hu/10562/1/DKE_08_M_I_Rembeczki_Eszter__Suranyi_Csaba_u.pdf  |z Dokumentum-elérés